Представление документа в формате RUSMARC

ПолеНазваниеЗначение
  Тип записи a
  Библиографический уровень m
001 Контрольный номер 603c2f8830004044bcfe68ef464b432c
005 Дата корректировки 20151012123745.3
010 Индекс ISBN __
a ISBN 5-7320-0614-1
200 Заглавие и сведения об ответственности 1_
a Заглавие Международный маркетинг
e Сведения, относящиеся к заглавию Учеб. пособие для вузов
f Первые сведения об ответственности С-Петерб.ин-т внешнеэконом.связей,экономики и права. О-во "Знание" С-Петербурга и Ленинград.обл.
210 Выходные данные 1_
a Место издания СПб.
c Издательство Знание
d Дата издания 2003
215 Физическое описание __
a Объем 844 с.
300 Общие примечания __
a Общие примечания гриф МО
610 Ключевые слова 0_
a Ключевые слова международный маркетинг
610 Ключевые слова 0_
a Ключевые слова учебник
610 Ключевые слова 0_
a Ключевые слова гриф МО
610 Ключевые слова 0_
a Ключевые слова международная компания
610 Ключевые слова 0_
a Ключевые слова бизнес
610 Ключевые слова 0_
a Ключевые слова интернационализация бизнеса
610 Ключевые слова 0_
a Ключевые слова конкурентоспособность фирмы
610 Ключевые слова 0_
a Ключевые слова ценообразование
686 Индексы других классификаций __
a Классификационный индекс 65.584.3я73
2 Код системы rubbk
700 Автор _1
a Фамилия Черенков Виталий Иванович
801 Источник записи _0
a Страна RU
b Организация РУК
c Дата составления 20031120
g Правила каталогизации PSBO
801 Источник записи _1
a Страна RU
b Организация РУК
c Дата составления 20031120
g Правила каталогизации PSBO
852 Данные о местонахождении __
i Авторский знак Ч46
j Шифр хранения ББК 65.5
901 Тип документа __
t Тип документа m
938 Служебная информация __
a Название организации Головной вуз
b Имя БД BOOK
c Название АИБС АИБС ИРБИС
938 Служебная информация __
a Название организации Владимирский филиал
952 Тип литературы __
b Гриф литературы для ВШ гриф МО